000 00189nam a22000977a 4500
082 _a895.80
100 _aPARIKH, PRIYKANT
245 _aMAUSAM - GUJARATI NOVEL
300 _a302P
942 _cBK
999 _c2248
_d2248